00665nam a2200193Ia 4500999001700000082001200017100001700029245011400046260003500160300001000195650002400205650002700229650002700256650002700283710002000310710001600330942001200346952011300358 c16919d16919 aTS.0848 aSingh, Kiran 0aMaternal influences on birth weight of new born and nutritional status of infants follow-up study in Varanasi c1992bBanaras Hindu University a204p. aINFANTS - NUTRITION aNUTRITION - EVALUATION aNUTRITION - EVALUATION aNUTRITION - EVALUATION aChakravorty, A. aPanda, B.K. cTH2ddc 00104070aNASSDOCbNASSDOCd2004-10-08i2008-12-30l0oTS.0848p35492r2019-04-18 00:00:00w2019-04-18yTH